- Martínez Soria, Jesuswaldo
Entry Nombre Personal
001 - NUMERO DE CONTROL
- campo de control: 45090
003 - IDENTIFICADOR DE NUMERO DE CONTROL
- campo de control: DLC
005 - FECHA Y HORA DE LA ÜLTIMA TRANSACCIÓN
- campo de control: 20220811122833.0
008 - DATOS DE LONGITUD FIJA
- campo de control de longitud fija: 220811n| azannaabn |a aaa c
010 ## - NÚMERO DE CONTROL DE LA BIBLIOTECA DEL CONGRESO
- Número de control LC: no2017128334
035 ## - NUMERO DE CONTROL
- Número de control: (OCoLC)oca11004655
035 ## - NUMERO DE CONTROL
- Número de control: (CaEvSKY)skya11490638
040 ## - FUENTE DE CATALOGACIÓN
- Agencia original de catalogación: NjP
- Lenguaje de catalogación: spa
- Description conventions: rda
- Agencia de transcripción: NjP
- Agencia que lo modifica: MX-SlUA
- Agencia que lo modifica: MX-MxUPN
100 1# - ENCABEZAMIENTO - NOMBRE PERSONAL
- Nombre personal: Martínez Soria, Jesuswaldo
371 ## - DIRECCIÓN
- Electronic mail address: jesuswaldo.martinez@senado.gob.mx
372 ## - CAMPO DE ACTIVIDAD
- Field of activity: Economía
- Fuente del término: lcsh
373 ## - GRUPO ASOCIADO
- Associated group: Universidad Autónoma de Barcelona
- Associated group: Universidad Nacional Autónoma de México
- Fuente del término: naf
374 ## - OCUPACIÓN
- Occupation: Economista
- Fuente del término: lcsh
375 ## - GÉNERO
- Gender: masculino
- Fuente del término: lcdgt
377 ## - LENGUA ASOCIADA
- Language code: spa
400 1# - VEÁSE - NOMBRE DE PERSONA
- Personal name: Soria, Jesuswaldo Martínez
670 ## - FUENTE EN LA QUE SE LOCALIZARON DATOS
- Cita de la fuente: Hacia un sistema nacional público de salud en México, 2016:
- Información localizada: portada (Jesuswaldo Martínez Soria)
670 ## - FUENTE EN LA QUE SE LOCALIZARON DATOS
- Cita de la fuente: Diseño e implementaciones de la reforma laboral de 2012, 2016:
- Información localizada: portada (Jesuswaldo Martínez Soria)
670 ## - FUENTE EN LA QUE SE LOCALIZARON DATOS
- Cita de la fuente: Instituto Belisario Domínguez WWW site, March 21, 2018:
- Información localizada: página web (Dr. Jesuswaldo Martínez Soria, Investigador “C”, jesuswaldo.martinez@senado.gob.mx, Jesuswaldo es doctor y maestro en economía aplicada por la Universidad Autónoma de Barcelona (UAB) y licenciado en economía por la Universidad Nacional Autónoma de México. Asimismo, tiene diplomados en presupuesto basado en resultados, en econometría y en economía laboral)
- Uniform Resource Identifier: http://ibd.senado.gob.mx/sites/default/files/CVJMARTINEZ.pdf
902 ## - CATALOGADOR
- Catalogador: NDAF/110822
